Bezirke von Berlin, Wien, Hamburg und München - Statistiken

Allgemein
  • Dieses Quiz wurde 559 mal gespielt
  • Das Durchschnittsergebnis liegt bei 28 aus 67
Antworten auf der Karte
Die Antworten werden auf der Karte rot bzw. grün angezeigt, abhängig davon wie oft sie richtig erraten wurden.
 
Antwortstatistiken
Stadt Nr. Bezirk % Korrekt
Hamburg 1 Hamburg-Mitte
83%
Berlin 1 Mitte
83%
Berlin 2 Friedrichshain-Kreuzberg
77%
Berlin 4 Charlottenburg-Wilmersdorf
71%
Berlin 8 Neukölln
71%
Berlin 5 Spandau
68%
Hamburg 2 Altona
67%
Berlin 9 Treptow-Köpenick
62%
Berlin 3 Pankow
60%
Berlin 10 Marzahn-Hellersdorf
58%
Berlin 7 Tempelhof-Schöneberg
58%
München 12 Schwabing-Freimann
54%
München 4 Schwabing-West
53%
Hamburg 7 Harburg
51%
München 21 Pasing-Obermenzing
51%
München 14 Berg am Laim
50%
München 1 Altstadt-Lehel
48%
Berlin 6 Steglitz-Zehlendorf
48%
München 3 Maxvorstadt
47%
Berlin 11 Lichtenberg
46%
München 19 Thalkirchen-Obersendling- Forstenried-Fürstenried-Solln
46%
Berlin 12 Reinickendorf
45%
Hamburg 4 Hamburg-Nord
44%
München 7 Sendling-Westpark
44%
München 25 Laim
43%
München 6 Sendling
43%
München 15 Trudering-Riem
42%
München 17 Obergiesing-Fasangarten
40%
München 18 Untergiesing-Harlaching
40%
München 5 Au-Haidhausen
39%
Wien 22 Donaustadt
39%
Hamburg 3 Eimsbuttel
38%
Wien 10 Favoriten
38%
München 2 Ludwigsvorstadt-Isarvorstadt
38%
München 9 Neuhausen-Nymphenburg
38%
München 24 Feldmoching-Hasenbergl
37%
München 16 Ramersdorf-Perlach
37%
München 13 Bogenhausen
35%
München 10 Moosach
35%
Hamburg 5 Wandsbek
35%
Wien 1 Innere Stadt
34%
Hamburg 6 Bergedorf
33%
München 23 Allach-Untermenzing
32%
Wien 6 Mariahilf
32%
München 11 Milbertshofen-Am Hart
32%
Wien 16 Ottakring
32%
Wien 11 Simmering
32%
Wien 21 Floridsdorf
31%
Wien 2 Leopoldstadt
31%
Wien 15 Rudolfsheim-Fünfhaus
30%
Wien 8 Josefstadt
29%
München 22 Aubing-Lochhausen-Langwied
28%
Wien 7 Neubau
28%
Wien 5 Margareten
27%
Wien 12 Meidling
27%
Wien 14 Penzing
27%
Wien 4 Wieden
27%
Wien 20 Brigittenau
26%
München 20 Hadern
26%
Wien 3 Landstraße
26%
Wien 23 Liesing
26%
Wien 18 Währing
26%
Wien 19 Döbling
25%
Wien 9 Alsergrund
24%
Wien 17 Hernals
24%
Wien 13 Hietzing
24%
München 8 Schwanthalerhöhe
24%
Keine übereinstimmenden Quizze gefunden
Verteilung der Resultate
Anzahl Personen mit jedem Resultat
Perzentil nach korrekt beantworteten Fragen
Ihre Resultats-Entwicklung
Sie haben dieses Quiz noch nicht gespielt